| 000 | 00493nam a2200193Ia 4500 | ||
|---|---|---|---|
| 005 | 20250423094351.0 | ||
| 008 | 250422s9999 xx 000 0 und d | ||
| 020 | _a9780696788116 | ||
| 050 | _aHF 5813.I4 .M53/ | ||
| 100 | _aMiddleton, Alan | ||
| 245 | 0 | _aAdvertising works II | |
| 250 | _a2nd ed. | ||
| 260 | _aCanada | ||
| 260 | _bAssociation of Canadian advertisers | ||
| 260 | _c1997 | ||
| 300 | _a235 p | ||
| 650 | _aAdvertising--India--Case studies--Congresses. | ||
| 942 | _cBK | ||
| 999 |
_c27026 _d27026 |
||